000 00620nam a2200181 4500
001 111205
003 ES-MaACL
005 20230906185249.0
007 t|
008 061121s1971 sp r ||||1| spa d
100 1 _aNegovski, V. A.
_985289
245 1 0 _aPrevención de la muerte biológica /
_cV. A. Negovski; traducción, José Mª Bravo Fernández Hermosa y Carmen Laín González.
260 _aMadrid :
_bAtlante,
_c1971.
300 _a554 p. :
_bil. ;
_c24 cm.
700 1 _aBravo Fernández-Hermosa, José María.
_931479
700 1 _aLaín González, Carmen.
_969683
852 _aES-MaACL
_jC-38036
_bR.76730
999 _c111205
_d111205